000
00218 a2200097 4500
001
12234
100
_a
Saleem Akhtar,Dr
245
_a
Iqbal aur Hamaray Fikri Raveay
260
_a
_b
Sang-e-Meel
_c
090
_c
9462
_d
9462
942
_a
NUST-CAE
_c
M
_c
36336
999
_c
247307
_d
247307